Statistics for Charecters from the Night at the Museum series

Click here to take the quiz!

General Stats

  • This quiz has been taken 3 times
  • The average score is 8 of 28

Answer Stats

Answer % Correct
George A. Custer
100%
Dr. McPhee
67%
Napoleon Bonaparte
67%
Larry Daley
67%
Theodore Roosevelt
67%
Atilla the Hun
33%
Gus
33%
Sir Lancelot
33%
Reginald
33%
Rebecca
33%
Al Capone
33%
Albert Einstein
33%
Jedidiah Smith
33%
Ivan the Terrible
33%
Akhmenrah
33%
Gaius Octavian
33%
Easter Island Head
33%
Cecil Fredricks
33%
Abraham Lincoln
33%
Brandon
0%
Erica Daley
0%
Amerlia Earheart
0%
Nick Daley
0%
Oscar
0%
Dexster
0%
Darth Vader
0%
Rexy
0%
Sacajawea
0%

Score Distribution

Percentile by Number Answered

Percent of People with Each Score

Your Score History

You have not taken this quiz